| 000 | 00816cam a2200253 a 4500 | ||
|---|---|---|---|
| 001 | 000005517 | ||
| 005 | 20200929151710.0 | ||
| 008 | 991026s1999 sp a b 001|1 spa | ||
| 020 | _a8437617510 | ||
| 040 |
_aDO-SdBNP _cDLC _dDLC |
||
| 082 |
_aA863.4 _bM953i |
||
| 100 | 1 |
_aMujica Láinez, Manuel, _d1910-1984 _915622 |
|
| 245 | 1 | 4 |
_aLos ídolos / _cManuel Mujica Láinez ; edición de Leonor Fleming. |
| 260 |
_aMadrid : _bCátedra, _c1999. |
||
| 300 |
_a259 p. : _bil. ; _c18 cm. |
||
| 490 | 1 |
_aLetras hispánicas _v477 |
|
| 504 | _aIncluye referencias bibliográficas (p. 59-62). | ||
| 650 | 4 |
_aNovela argentina _93941 |
|
| 650 | 4 |
_aLiteratura argentina _93860 |
|
| 700 | 1 |
_aFleming, Leonor, _eed. _915623 |
|
| 830 | 0 |
_aLetras hispánicas ; _v477 _94208 |
|
| 910 | _aCatalogación por copia / LC | ||
| 910 | _aWM | ||
| 999 |
_c5316 _d5316 |
||